书目信息 |
| 题名: |
铸造有色合金手册
|
|
| 作者: | 铸造有色合金手册编写组 | |
| 分册: | ||
| 出版信息: | 北京 机械工业出版社 1984.08 |
|
| 页数: | 793页 | |
| 开本: | 19cm | |
| 丛书名: | ||
| 单 册: | ||
| 中图分类: | TG29 | |
| 科图分类: | ||
| 主题词: | 有色金属--铸造 | |
| 电子资源: | ||
| ISBN: | ||
| 000 | 00601nam0 2200205 45 | |
| 001 | 0308271049 | |
| 005 | 20030827104430.3 | |
| 010 | @dRMB2.45 | |
| 091 | @a15033.4348 | |
| 100 | @a20030827d1984 km y0chiy0120 ea | |
| 101 | @achi | |
| 105 | @a z 000yy | |
| 200 | 1 | @a铸造有色合金手册@Azhu zao you se he jin shou ce@f铸造有色合金手册编写组@Fzhu zao you se he jin shou ce bian xie zu |
| 210 | @a北京@c机械工业出版社@d1984.08 | |
| 215 | @a793页@c无图表@d19cm | |
| 606 | 0 | @a有色金属@x铸造 |
| 690 | @aTG29@v3 | |
| 701 | 0 | @a铸造有色合金手册编写组 |
| 801 | @aCN@b@c20030827 | |
| 905 | @aBZT@dTG29@e1 | |
| 铸造有色合金手册/铸造有色合金手册编写组.-北京:机械工业出版社,1984.08 |
| 793页:无图表;19cm |
| ISBN :RMB2.45 |
| ● |
| 相关链接 |
|
|
|
正题名:铸造有色合金手册
索取号:TG29/1
 
预约/预借
| 序号 | 登录号 | 条形码 | 馆藏地/架位号 | 状态 | 备注 |
| 1 | 1969 | 200524245 | 中心书库中库/ 中库030架B面6列7层31/ [索取号:TG29/1] | 在馆 | |
| 2 | 1970 | 200524236 | 中心书库中库/ 中库030架B面6列7层30/ [索取号:TG29/1] | 在馆 |